000 00801nam a2200181Ia 4500
008 090630s9999 xx 000 0 und d
082 _b26299
100 _aजायस्वाल जयनारायण.
245 _aकाविळ व हत्तीपाय - कारण व निवारण.
_cजायस्वाल जयनारायण.
260 _bगोपाल ग्रंथ.
300 _a32
600 _aजायस्वाल जयनारायण.
630 _aकाविळ व हत्तीपाय - कारण व निवारण.
655 _aइतर.
700 _aजायस्वाल जयनारायण.
730 _aकाविळ व हत्तीपाय - कारण व निवारण.
942 _cBOOK
999 _c278155
_d278155